Materials science and engineering : an introduction /
Guardado en:
| Autor Principal: | |
|---|---|
| Formato: | Libro |
| Idioma: | English |
| Publicado: |
New York, NY :
John Wiley & Sons,
c2003.
|
| Edición: | 6th ed. |
| Materias: | |
| Acceso en línea: | Publisher description Table of contents only Contributor biographical information |
| Etiquetas: |
Agregar Etiqueta
Sin Etiquetas, Sea el primero en etiquetar este registro!
|
| LEADER | 01065cam a22002534a 4500 | ||
|---|---|---|---|
| 001 | EIQ.libpla004497 | ||
| 008 | 020619s2003####nyua#####b####001#0#eng## | ||
| 005 | 20141203105711.0 | ||
| 245 | 1 | 0 | |a Materials science and engineering : |b an introduction / |c William D. Callister, Jr. |
| 250 | |a 6th ed. | ||
| 260 | |a New York, NY : |b John Wiley & Sons, |c c2003. | ||
| 300 | |a xxiii, 820 p. : |b il. (algunas col.) ; |c 26 cm. | ||
| 504 | |a Incluye referencias bibliográficas e índice. | ||
| 020 | |a 0471135763 (cloth : alk. paper) | ||
| 100 | 1 | |a Callister, William D., |c Jr., |d 1940- | |
| 650 | 0 | |a Materials. | |
| 650 | 0 | |a Materiales. | |
| 010 | |a 2002026015 | ||
| 040 | |a DLC |c DLC |d DLC | ||
| 050 | 0 | 0 | |a TA403 |b .C23 2003 |
| 856 | 4 | 2 | |3 Publisher description |u http://www.loc.gov/catdir/description/wiley041/2002026015.html |
| 856 | 4 | 1 | |3 Table of contents only |u http://www.loc.gov/catdir/toc/wiley023/2002026015.html |
| 856 | 4 | 2 | |3 Contributor biographical information |u http://www.loc.gov/catdir/enhancements/fy0630/2002026015-b.html |
| 859 | |a AR-BbSID |b BIB. PLAPIQUI |h 620.11 |i C133 |p 5646 | ||
